000
00260nam a22001217a 4500
003
SGT
082
_a
658.3,HELL
100
_a
HELLRIEGEL, SLOCUM
245
_a
ORGANIZATIONAL BEHAVIOR
250
_a
10THE
260
_a
NEW DELHI
_b
THOMSON
_c
2004
942
_2
ddc
_c
CD
999
_c
10862
_d
10862